Normal view
MARC view
- United States
Entry Geographic Name
001 - CONTROL NUMBER
- control field: 109010
003 - CONTROL NUMBER IDENTIFIER
- control field: NUST
005 - DATE AND TIME OF LATEST TRANSACTION
- control field: 20230213125030.0
008 - FIXED-LENGTH DATA ELEMENTS
- fixed length control field: 230213|| aca||aabn | a|a d
040 ## - CATALOGING SOURCE
- Original cataloging agency: NUST
- Transcribing agency: NUST
151 ## - HEADING--GEOGRAPHIC NAME
- Geographic name: United States
- General subdivision: History
- General subdivision: Chronology
670 ## - SOURCE DATA FOUND
- Source citation: Work cat.: (NUST)187522: Encyclopedia of American history /, c1982.
